Clash Royale:Goblin Cards - Statistics

General Stats
  • This quiz has been taken 195 times
  • The average score is 10 of 14
Answer Stats
Hint Answer % Correct
Swarm melee Goblins
99%
Swarm Goblin gang
97%
Swarm range Spear goblins
97%
Building Goblin hut
95%
Troop melee Goblin giant
85%
Building Goblin cage
84%
Spell Goblin barrel
81%
Champion Goblinstein
78%
Troop range Dart Goblin
75%
Troop melee and range Goblin machine
69%
Invisible troop Suspicious bush
63%
Building Goblin drill
55%
Troop range Goblin demolisher
48%
Troop range Bowler
9%
No matching quizzes found
Score Distribution
Percent of People with Each Score
Percentile by Number Answered
Your Score History
You have not taken this quiz